20 Best Opening Lines From Novels Quiz Stats

Quiz Updated Dec 10, 2014

Challenge
Share
Tweet
Embed
Score 0/20 Timer 08:00
5 Plays Today
Opening Line Novel Title % Correct
Call me Ishmael.Moby-Dick
94.3%
It is a truth universally acknowledged, that a single man in possession of a good fortune, must be in want of a wife.Pride and Prejudice
82.2%
It was a bright cold day in April, and the clocks were striking thirteen.1984
80.1%
Lolita, light of my life, fire of my loins.Lolita
78.1%
It was the best of times, it was the worst of times, it was the age of wisdom, it was the age of foolishness...A Tale of Two Cities
77.9%
You don't know about me without you have read a book by the name of The Adventures of Tom Sawyer; but that ain't no matter.Adventures of Huckleberry Finn
76.6%
If you really want to hear about it, the first thing you'll probably want to know is where I was born, and what my lousy childhood was like, and how my parents were occupied...The Catcher in the Rye
73.3%
I am an invisible man.Invisible Man
61.7%
Happy families are all alike; every unhappy family is unhappy in its own way.Anna Karenina
49.6%
Many years later, as he faced the firing squad, Colonel Aureliano Buendía was to remember that distant afternoon when his father took him to discover ice.One Hundred Years of Solitude
41.5%
Opening Line Novel Title % Correct
Whether I shall turn out to be the hero of my own life, or whether that station will be held by anybody else, these pages must show.David Copperfield
37.7%
Someone must have slandered Josef K., for one morning, without having done anything truly wrong, he was arrested.The Trial
29.9%
Once upon a time and a very good time it was there was a moocow coming down along the road and this moocow that was coming down along the road met a nicens little boy...A Portrait of the Artist as a Young Man
22.8%
riverrun, past Eve and Adam's, from swerve of shore to bend of bay, brings us by a commodius vicus of recirculation back to Howth Castle and Environs.Finnegans Wake
21.9%
A screaming comes across the sky.Gravity's Rainbow
18.4%
You are about to begin reading Italo Calvino's new novel, If on a winter's night a traveler.If on a winter's night a traveler
16.2%
The Miss Lonelyhearts of the New York Post-Dispatch (Are you in trouble?—Do-you-need-advice?—Write-to-Miss-Lonelyhearts-and-she-will-help-you) sat at his desk and stared...Miss Lonelyhearts
8.9%
I wish either my father or my mother, or indeed both of them, as they were in duty both equally bound to it, had minded what they were about when they begot me...The Life and Opinions of Tristram Shandy, Gentleman
8.1%
This is the saddest story I have ever heard.The Good Soldier
6.5%
The sun shone, having no alternative, on the nothing new.Murphy
3%

You're not logged in!

Compare scores with friends on all Sporcle quizzes.
Join for Free
OR
Log In

You Might Also Like...

Show Comments

Extras

Top Quizzes Today


Score Distribution

Your Account Isn't Verified!

In order to create a playlist on Sporcle, you need to verify the email address you used during registration. Go to your Sporcle Settings to finish the process.

Report this User

Report this user for behavior that violates our Community Guidelines.

Details: